| 000 | 00839nam a2200265 a 4500 | ||
|---|---|---|---|
| 008 | |||
| 020 | _a052108086X | ||
| 020 | _a0521098130 | ||
| 049 | _aMAIN | ||
| 090 | _aHB97.5 | ||
| 100 | 1 | _aOllman, Bertell. | |
| 245 | 1 | 0 |
_aAlienation: Marx's conception of man in capitalist society / _cBertell Ollman. |
| 260 |
_aCambridge : _bUniversity Press, _c1971. |
||
| 300 |
_axvi, 325 p. ; _c23 cm. |
||
| 440 | 0 | _aCambridge studies in the history and theory of politics | |
| 504 | _aIncludes bibliographical references: p. 310-313. | ||
| 650 | 0 | _aAlienation (Social psychology). | |
| 650 | 0 | _aCommunism and society. | |
| 600 | 1 | 0 |
_aMarx, Karl, _d1818-1883. |
| 907 |
_a.b10035606 _b25-06-03 _c17-04-03 |
||
| 003 | |||
| 005 | 20230123133308.0 | ||
| 040 | _cNUST | ||
| 942 |
_cBOOKS _kHB97.5 |
||
| 999 |
_c146126 _d146126 |
||